000 00644nam a2200181 i 4500
001 34370
003 ES-MaACL
005 20230906154924.0
007 t|
008 030204s1963 sp ||||1| spa d
100 1 _aBloom, André.
_929555
245 1 3 _aLa oración de corazón mística y yoga de la Iglesia Oriental
_b: la centuria de los monjes Calixto e Ignacio /
_cAndré Bloom ; conclusión por Gebh Frei ; versión española de José Luis Albizu.
260 _aMadrid :
_bStudium,
_c1963.
300 _a154 p. ;
_c19 cm.
700 1 _aFrei, Gebh.
_952443
700 1 _aAlbizu, José Luis.
_919396
852 _aES-MaACL
_jC-25066
_bR.53676
999 _c34370
_d34370